| 000 | 01222cam a2200301 4500 | ||
|---|---|---|---|
| 008 | 011015n2003 000 0 eng u | ||
| 020 | _a1842191594 | ||
| 022 | _a1464-648X | ||
| 035 | _a(Sirsi) u122792 | ||
| 041 | _aeng | ||
| 050 |
_a336.2209678 _c18 |
||
| 100 | _aMcCluskey, William | ||
| 245 |
_aProperty tax reform _bthe experience of Tanzania |
||
| 260 |
_aLondon _bRICS Foundation _c2003 |
||
| 300 |
_aiv, 51p. _c30cm. |
||
| 490 | _aRICS Foundation Our Common Estate Series | ||
| 520 | _aDiscusses recent developments in Tanzania with regard to the implementation of a property taxation system. The research shows that there are a number of lessons or strategies that can be important to both Tanzania and other developing countries, particularly in east and southern Africa. | ||
| 650 | _aPROPERTY TAXES | ||
| 650 | _aTANZANIA | ||
| 650 | _aTAX REFORM | ||
| 690 | _aTAXATION | ||
| 700 | _aFranzsen, Riel | ||
| 700 | _aJohnstone, Thomas | ||
| 700 | _aJohnstone, Dian | ||
| 710 |
_aRoyal Institution of Chartered Surveyors _bFoundation _94173 |
||
| 856 |
_uhttps://www4.rics.org/site/scripts/download_info.aspx?downloadID=2109 _zView the research on the RICS Foundation website... |
||
| 942 | _n0 | ||
| 999 |
_c102931 _d102931 |
||